000
00300nam a2200133Ia 4500
100
_a
Stonley/J
942
_c
BK
654
_a
Calculations
245
_a
Workshop Engineering calculations I
260
_b
English Universities Press Ltd.
_c
2001
082
_a
510
300
_a
196
546
_a
ENGLISH
999
_c
28722
_d
28722